Popular photography

Detalles Bibliográficos
Título anterior:Popular photography & imaging
Formato: Electrónico Revista
Lenguaje:inglés
Publicado: New York, N.Y. : Hachette Filipacchi Media, 2008-[2017]
New York, NY : Bonnier Corp.
Materias:
Acceso en línea:Full text available from Research Library: 01/01/2012 to 03/31/2017

MARC

LEADER 00000nas a2200000 a 4500
001 ssj0000613701
003 WaSeSS
005 20200512172242.0
006 m d
007 cr n
008 080418d20082017nyubr p s 0 a0eng c
010 |a  2008252265 
016 7 |a 99353306X  |2 DE-101 
016 7 |a 2488687-7  |2 DE-600 
022 |l 1944-0510  |y 1944-0510 
032 |a 504890  |b USPS 
035 |a (WaSeSS)ssj0000613701 
037 |b Bonnier Corporation, 2 Park Ave., New York, NY 10016 
040 |a CUI  |b eng  |c CUI  |d WAU  |d DLC  |d OCLCQ  |d DLC  |d ORZ  |d OCLCQ  |d TJC  |d OCLCQ  |d GBVCP  |d MYG  |d DLC  |d OCLCO  |d OCLCF  |d OCLCO  |d UPM  |d CDS  |d YUS  |d OCLCQ  |d IOC  |d GRR  |d OCLCO  |d KN7  |d OCLCQ  |d CSJ  |d OCLCQ  |d WUW  |d RCC  |d HCO  |d OCLCQ  |d HTM  |d OCLCQ  |d OCLCO  |d OCLCQ  |d OCLCO  |d WaSeSS 
042 |a pcc  |a nsdp 
050 0 0 |a TR1  |b .P8845 
082 1 0 |a 770  |2 13 
130 0 |a Popular photography (2008) 
222 0 |a Popular photography  |b (2008) 
245 1 0 |a Popular photography  |h [electronic resource]. 
246 1 3 |a Popular photography & imaging 
246 1 3 |a Pop photo 
260 |a New York, N.Y. :  |b Hachette Filipacchi Media,  |c 2008-[2017] 
260 3 |3 <Nov. 2011-> :  |a New York, NY :  |b Bonnier Corp. 
310 |a Bimonthly,  |b 2017- 
321 |a Monthly,  |b 2008-2016 
362 1 |a Began with vol. 72, no. 5 (May 2008); ceased with Volume 81, no. 2 (March/April 2017). 
506 |a License restrictions may limit access. 
525 |a Has occasional supplements. 
588 |a Description based on: Vol. 72, no. 5 (May 2008). 
588 |a Latest issue consulted: Volume 81, no. 2 (March/April 2017). 
650 0 |a Photography  |v Periodicals. 
650 0 |a Cinematography  |v Periodicals. 
650 7 |a Cinematography.  |2 fast  |0 (OCoLC)fst00861484 
650 7 |a Photography.  |2 fast  |0 (OCoLC)fst01061714 
655 0 |a Electronic journals. 
780 0 0 |t Popular photography & imaging  |x 1542-0337  |w (DLC) 2002215202  |w (OCoLC)50741701 
850 |a DLC 
853 2 0 |8 1  |a v.  |b no.  |u 12  |v r  |i (year)  |j (month)  |w m 
853 2 0 |8 2  |a v.  |b no.  |u 11  |v r  |i (year)  |j (month)  |w m  |x 01  |y cm07/08 
853 2 0 |8 3  |a v.  |b no.  |u 6  |v r  |i (year)  |j (month/month)  |w b  |x 01/02 
856 4 0 |z Full text available from Research Library: 01/01/2012 to 03/31/2017  |u https://search.proquest.com/publication/19613 
863 4 1 |8 1.1  |a 72  |b 5  |i 2008  |j 05 
863 4 0 |8 2.1  |a <80>-80  |b <1>-11  |i <2016>-16  |j <01>-11 
863 4 1 |8 3.1  |a 81  |b 1  |i 2017  |j 01/02